=LDR 00000nam 2200000 4500 =001 001109 =005 20250713113257 =035 ##$$a 0010-0725000992 =007 ta =008 250713################b##########0#ind## =020 ##$$a 978-623-472-324-3 =082 ##$$a 398.209 598 =084 ##$$a 398.209 598 BAN a =100 #$$a Banerjee roopa =245 1#$$a Apa yang diam-diam direncanakan ameena /$c Roopa banerjee =250 ##$$a Cetakan pertama =260 ##$$a Rawamangun :$b Badan pengembangan dan pembinaan bahasa,$c 2022 =300 ##$$a 16 hlm. ; $c 22,9 cm. =650 #4$$a Cerita anak indonesia-terjemahan =650 #4$$a Literasi-bahan bacaan